| 000 | 00352nam a2200133Ia 4500 | ||
|---|---|---|---|
| 008 | 220204s9999 xx 000 0 und d | ||
| 082 |
_a631.42.05 _bHOD;1 |
||
| 100 | _aHODGSON, J M | ||
| 245 | 0 | _aSoil sampling and soil description | |
| 260 |
_aOxford _bClarendon _c1978 |
||
| 490 | _aMonographs on soil survey | ||
| 650 | _aSoil sampling | ||
| 942 | _cBK | ||
| 999 |
_c37067 _d37067 |
||